Recuperar la creación: por una religión humanizadora
Saved in:
| Hovedforfatter: | |
|---|---|
| Format: | Bog |
| Sprog: | spansk |
| Udgivet: |
Santander
Sal Terrae
1997
|
| Udgivelse: | 3a. ed |
| Serier: | Presencia Teológica, 86
|
| Fag: | |
| Tags: |
Tilføj Tag
Ingen Tags, Vær først til at tagge denne postø!
|
MARC
| LEADER | 00000cam a2200000 a 4500 | ||
|---|---|---|---|
| 001 | UCE7612 | ||
| 003 | CL-VaPUC | ||
| 008 | 150626e19970000sp |||||||||||||||||spa|d | ||
| 020 | |a 8429312064 | ||
| 082 | 0 | 4 | |a 230.01 |b TOR |2 21 |
| 100 | 0 | |a Torres Queiruga, Andrés |e author |9 580287 | |
| 245 | 1 | 0 | |a Recuperar la creación: por una religión humanizadora |
| 250 | |a 3a. ed | ||
| 300 | |a 294 p | ||
| 942 | |c BK | ||
| 945 | |d 20150626 15:30:00 |a gsalatino | ||
| 260 | |a Santander |b Sal Terrae |c 1997 | ||
| 650 | 0 | |a Cristianismo |9 257361 | |
| 650 | 7 | |a CIENCIAS RELIGIOSAS |2 CL-VaPUC |9 382853 | |
| 583 | |a last modification |c 20150626 15:30:00 |k Rodrigo Vera | ||
| 490 | 0 | |a Presencia Teológica, 86 | |
| 999 | |c 359667 |d 359665 | ||
| 952 | |0 0 |1 0 |3 erb |4 0 |6 230_010000000000000_TOR_1997 |7 0 |8 A |9 469061 |a BIBTEO |b BIBTEO |e Casale Rolle, Carlos Ignacio, -2014 |i 5181836 |o 230.01 TOR 1997 |p 5181836 |r 2025-01-17 |w 2019-11-23 |y BK |z Catalogado en:20150626 |k ICR | ||